| 000 | 00470nam a2200145Ia 4500 | ||
|---|---|---|---|
| 008 | 180921t1985 xxu||||| ||||o00| 0 eng d | ||
| 041 | _aeng | ||
| 080 | _aActs Of Sri Lanka Nos.1-56 1985 | ||
| 245 | _aActs of Sri Lanka : Parliment of The Democratic Socialist Republic of Sri Lanka Aganuwara Taruna kavi Samajaya ( Incorporation ) Act, No.35 of 1985 | ||
| 260 | _c1985 | ||
| 300 | _a23 cm | ||
| 942 | _cBK | ||
| 999 |
_c44219 _d44219 |
||
| 003 | LK-CoDNM | ||
| 040 |
_aLK-CoDNM _dLK-CoDNM _eLK-CoDNM |
||